[Event "FIDE World Uni Blitz-C 1st"]
[Site "Tornelo INT"]
[Date "2021.03.13"]
[Round "3.19"]
[White "Gray, Euan"]
[Black "Campos Jimenez, Augusto Cesar"]
[Result "1-0"]
[WhiteElo "2098"]
[BlackElo "2351"]
[PlyCount "59"]
[EventDate "2021.03.13"]
[EventType "swiss (blitz)"]
[EventRounds "10"]
[EventCountry "NET"]
[SourceTitle "EXT 2022"]
[Source "ChessBase"]
[SourceDate "2021.10.06"]
[SourceVersion "1"]
[SourceVersionDate "2021.10.06"]
[SourceQuality "1"]

1. d4 Nf6 2. c4 e6 3. Nc3 c5 4. d5 exd5 5. cxd5 d6 6. Nf3 a6 7. a4 g6 8. Bf4 Bg7 9. h3 0-0 10. e3 Qc7 11. Be2 Nbd7 12. 0-0 Rb8 13. Bh2 Re8 14. Nd2 Ne5 15. f4 Ned7 16. e4 c4 17. Kh1 b5 18. axb5 axb5 19. e5 dxe5 20. fxe5 Nxe5 21. Nf3 b4 22. Nxe5 Rxe5 23. d6 Qc5 24. Na4 Qe3 25. Bxe5 Qxe5 26. Bf3 Be6 27. Re1 Qg3 28. Qd2 Rd8 29. Rad1 Nh5 30. Nc5 1-0

[Event "FIDE World Uni Blitz-C 1st"]
[Site "Tornelo INT"]
[Date "2021.03.13"]
[Round "6.13"]
[White "Gray, Euan"]
[Black "Ioannidis, Evgenios"]
[Result "0-1"]
[WhiteElo "2098"]
[BlackElo "2411"]
[PlyCount "64"]
[EventDate "2021.03.13"]
[EventType "swiss (blitz)"]
[EventRounds "10"]
[EventCountry "NET"]
[SourceTitle "EXT 2022"]
[Source "ChessBase"]
[SourceDate "2021.10.06"]
[SourceVersion "1"]
[SourceVersionDate "2021.10.06"]
[SourceQuality "1"]

1. d4 d5 2. c4 c6 3. Nf3 Nf6 4. Nc3 e6 5. e3 Nbd7 6. Qc2 Bd6 7. b3 b6 8. Be2 Bb7 9. Bb2 0-0 10. 0-0 Re8 11. Rfd1 Qe7 12. e4 dxe4 13. Nxe4 Nxe4 14. Qxe4 f5 15. Qd3 Rad8 16. Qc3 c5 17. dxc5 Nxc5 18. a3 Ne4 19. Qc2 Bc5 20. Rf1 a5 21. Ne5 Rd2 22. Qc1 Rxe2 23. Nd3 Rd8 24. Nxc5 Qxc5 25. b4 axb4 26. axb4 Qxb4 27. Ra7 Qxb2 28. Qf4 Rxf2 29. Rxf2 Rd1+ 30. Rf1 Qd4+ 31. Kh1 Nf2+ 32. Qxf2 Qxf2 0-1

[Event "FIDE World Uni Blitz-C 1st"]
[Site "Tornelo INT"]
[Date "2021.03.13"]
[Round "10.31"]
[White "Rangel, Hernandez Carlos Al"]
[Black "Gray, Euan"]
[Result "0-1"]
[WhiteElo "1852"]
[BlackElo "2098"]
[PlyCount "106"]
[EventDate "2021.03.13"]
[EventType "swiss (blitz)"]
[EventRounds "10"]
[EventCountry "NET"]
[SourceTitle "EXT 2022"]
[Source "ChessBase"]
[SourceDate "2021.10.06"]
[SourceVersion "1"]
[SourceVersionDate "2021.10.06"]
[SourceQuality "1"]

1. d4 Nf6 2. Nf3 e6 3. g3 c5 4. Bg2 Nc6 5. 0-0 Be7 6. b3 d5 7. Bb2 0-0 8. Nbd2 cxd4 9. Nxd4 h6 10. Rc1 Nxd4 11. Bxd4 Ba3 12. Rb1 Qe7 13. Bb2 Bxb2 14. Rxb2 Rd8 15. Rb1 e5 16. Qc1 Bf5 17. Qb2 Rac8 18. Rbc1 e4 19. c4 e3 20. Nf3 exf2+ 21. Rxf2 Ng4 22. Rff1 Qe3+ 23. Kh1 Nf2+ 24. Rxf2 Qxf2 25. Rf1 Qe3 26. Ne5 Be6 27. cxd5 Bxd5 28. Bxd5 Rxd5 29. Nxf7 Rf8 30. Qc2 Qe6 31. e4 Rd7 32. Nxh6+ gxh6 33. Rxf8+ Kxf8 34. Qc8+ Kf7 35. Qc2 Re7 36. Qf2+ Qf6 37. Qxa7 Qf3+ 38. Kg1 Qxe4 39. Qf2+ Kg6 40. Qb6+ Re6 41. Qd8 Qe3+ 42. Kg2 Qe2+ 43. Kh3 Qf1+ 44. Kh4 Re4+ 45. g4 Qf6+ 46. Qxf6+ Kxf6 47. b4 Re2 48. h3 Rxa2 49. b5 Ra5 50. b6 Rb5 51. g5+ hxg5+ 52. Kh5 Rb4 53. h4 Rxh4# 0-1

[Event "EU-ch U18"]
[Site "Bratislava"]
[Date "2019.08.10"]
[Round "9"]
[White "Gray, Euan"]
[Black "Castillo Dalmau, Albert"]
[Result "1/2-1/2"]
[WhiteElo "2004"]
[BlackElo "2241"]
[PlyCount "89"]
[EventDate "2019.08.02"]
[EventType "swiss"]
[EventRounds "9"]
[EventCountry "SVK"]
[SourceTitle "CBM 191 Extra"]
[Source "ChessBase"]
[SourceDate "2019.09.30"]
[SourceVersion "1"]
[SourceVersionDate "2019.09.30"]
[SourceQuality "1"]

1. d4 Nf6 2. c4 e6 3. Nc3 Bb4 4. e3 0-0 5. Bd3 d5 6. Nf3 c5 7. 0-0 dxc4 8. Bxc4 Nbd7 9. Qe2 b6 10. Rd1 cxd4 11. exd4 Bxc3 12. bxc3 Qc7 13. Bd2 Bb7 14. Rac1 Bxf3 15. gxf3 Nd5 16. Bd3 Nf4 17. Bxf4 Qxf4 18. Qe4 Qh6 19. Qe3 Qh4 20. f4 Nf6 21. Qg3 Qh6 22. Qg5 Qxg5+ 23. fxg5 Nd5 24. Be4 Rac8 25. Bxd5 exd5 26. Re1 Rc7 27. Re5 Rd8 28. Kf1 f6 29. gxf6 gxf6 30. Re3 Kf7 31. Ke2 Rg8 32. Rg3 Re8+ 33. Kd3 Re4 34. Rcg1 Ke6 35. Rg7 Rxg7 36. Rxg7 Rh4 37. Rxa7 Rxh2 38. Ke3 Rh3+ 39. f3 Rh2 40. Rb7 Rb2 41. Rxh7 Rxa2 42. Rc7 Ra3 43. Kd3 Kd6 44. Rf7 Ke6 45. Rc7 1/2-1/2

[Event "Glorney Cup"]
[Site "Cardiff"]
[Date "2017.07.24"]
[Round "2.7"]
[White "Brewer, Callum D"]
[Black "Gray, Euan"]
[Result "1-0"]
[WhiteElo "2015"]
[BlackElo "1994"]
[PlyCount "115"]
[EventDate "2017.07.24"]
[EventType "team-tourn"]
[EventRounds "5"]
[EventCountry "WLS"]
[SourceTitle "CBM 179 Extra"]
[Source "ChessBase"]
[SourceDate "2017.08.23"]
[SourceVersion "1"]
[SourceVersionDate "2017.08.23"]
[SourceQuality "1"]
[WhiteTeam "England"]
[BlackTeam "Scotland"]
[WhiteTeamCountry "ENG"]
[BlackTeamCountry "SCO"]

1. e4 e5 2. Nf3 Nf6 3. Nxe5 d6 4. Nf3 Nxe4 5. d4 d5 6. Bd3 Be7 7. 0-0 Nc6 8. c4 Nb4 9. Be2 0-0 10. Nc3 Nxc3 11. bxc3 Nc6 12. cxd5 Qxd5 13. c4 Qd6 14. Be3 Bf6 15. Rc1 Rd8 16. d5 Ne7 17. Qb3 Nf5 18. Rfd1 Nxe3 19. Qxe3 Qe7 20. Qxe7 Bxe7 21. Nd4 Bc5 22. Nb5 Rd7 23. Bf3 a6 24. Nc3 Ba3 25. Re1 Rd8 26. Rb1 Rb8 27. Rb3 Bf8 28. a4 b6 29. a5 Bd7 30. Reb1 Bc5 31. Ne4 Ba4 32. axb6 cxb6 33. Nxc5 Bxb3 34. Nxb3 Rbc8 35. Nd2 Rd6 36. Ne4 Rh6 37. Be2 f5 38. Ng5 Rd6 39. g3 b5 40. cxb5 Rb8 41. Nf3 Kf8 42. Bc4 axb5 43. Nd4 b4 44. Nc6 Rb6 45. Rb3 g6 46. Nxb4 Rd8 47. Nc6 Rxb3 48. Bxb3 Rd6 49. f4 Ke8 50. Kf2 Kd7 51. Ke3 Rf6 52. Kd4 Kd6 53. Ne5 Rf8 54. Nc4+ Kd7 55. Ba4+ Ke7 56. Kc5 Ra8 57. Nb6 Ra5+ 58. Kb4 1-0

[Event "SCO-ch 124th"]
[Site "Dundee"]
[Date "2017.07.21"]
[Round "7"]
[White "Smith, Peter R"]
[Black "Gray, Euan"]
[Result "1-0"]
[WhiteElo "2062"]
[BlackElo "1994"]
[PlyCount "75"]
[EventDate "2017.07.15"]
[EventType "swiss"]
[EventRounds "9"]
[EventCountry "SCO"]
[SourceTitle "CBM 179 Extra"]
[Source "ChessBase"]
[SourceDate "2017.08.23"]
[SourceVersion "1"]
[SourceVersionDate "2017.08.23"]
[SourceQuality "1"]

1. e4 e5 2. Nf3 Nc6 3. Bb5 a6 4. Bxc6 dxc6 5. d4 exd4 6. Qxd4 Qxd4 7. Nxd4 Bd6 8. Be3 Ne7 9. Nd2 f5 10. exf5 Nxf5 11. Nxf5 Bxf5 12. 0-0-0 Be6 13. Ne4 0-0-0 14. a3 Bd5 15. Nxd6+ Rxd6 16. f3 Re8 17. Bf4 Rf6 18. Bg3 Re2 19. Rd2 Rfe6 20. Rhd1 b6 21. Rxe2 Rxe2 22. Rd2 Bc4 23. Rxe2 Bxe2 24. Be5 g6 25. Kd2 Bf1 26. g3 Bc4 27. Ke3 h5 28. g4 c5 29. Kf4 Bf7 30. Kg5 Kd7 31. Kf6 Bg8 32. h3 Kd8 33. f4 hxg4 34. hxg4 c6 35. g5 Kd7 36. c4 b5 37. b3 b4 38. a4 1-0

[Event "SCO-ch 124th"]
[Site "Dundee"]
[Date "2017.07.20"]
[Round "6"]
[White "Gray, Euan"]
[Black "Carroll, Peter"]
[Result "1-0"]
[WhiteElo "1994"]
[BlackElo "1563"]
[PlyCount "124"]
[EventDate "2017.07.15"]
[EventType "swiss"]
[EventRounds "9"]
[EventCountry "SCO"]
[SourceTitle "CBM 179 Extra"]
[Source "ChessBase"]
[SourceDate "2017.08.23"]
[SourceVersion "1"]
[SourceVersionDate "2017.08.23"]
[SourceQuality "1"]

1. d4 Nf6 2. c4 g6 3. Nc3 Bg7 4. e4 d6 5. Nf3 0-0 6. Be2 e5 7. Be3 Nc6 8. d5 Ne7 9. Nd2 Ne8 10. c5 f5 11. f3 f4 12. Bf2 g5 13. Nc4 Ng6 14. b4 Rf7 15. a4 Bf8 16. Qb3 h5 17. a5 g4 18. cxd6 Nxd6 19. Rc1 Nh4 20. Rg1 Nxc4 21. Qxc4 Bd6 22. Na4 Qe7 23. Rb1 Rg7 24. Kd2 Ng6 25. Nc5 b6 26. Na4 Bd7 27. Nc3 Nf8 28. Nb5 Bxb5 29. Qxb5 a6 30. Qa4 b5 31. Qb3 Rc8 32. Rgc1 Kh7 33. Rc6 Ra8 34. Kc2 Nd7 35. Rb2 Nb8 36. Rc3 Nd7 37. Kb1 Rc8 38. Rc6 Nb8 39. Rc1 Qd7 40. Rd2 Rgg8 41. Bc5 Kh6 42. Qd1 g3 43. Qh1 Rcf8 44. Rdc2 Rc8 45. hxg3 Bxc5 46. Rxc5 Rxg3 47. Qh4 Rg5 48. Bf1 c6 49. g3 Qf7 50. gxf4 exf4 51. Bh3 Rc7 52. Bf5 Rxf5 53. exf5 Qxf5+ 54. Ka2 Rg7 55. dxc6 Rg2+ 56. Ka1 Qd3 57. Qxf4+ Kg7 58. Rg5+ Rxg5 59. Qxg5+ Kh7 60. Qxh5+ Kg7 61. Qe5+ Kf8 62. Qxb8+ Kg7 1-0

[Event "SCO-ch 124th"]
[Site "Dundee"]
[Date "2017.07.15"]
[Round "1"]
[White "Khoo Thwe, Louis"]
[Black "Gray, Euan"]
[Result "0-1"]
[WhiteElo "1507"]
[BlackElo "1994"]
[PlyCount "100"]
[EventDate "2017.07.15"]
[EventType "swiss"]
[EventRounds "9"]
[EventCountry "SCO"]
[SourceTitle "CBM 179 Extra"]
[Source "ChessBase"]
[SourceDate "2017.08.23"]
[SourceVersion "1"]
[SourceVersionDate "2017.08.23"]
[SourceQuality "1"]

1. d4 Nf6 2. c4 e6 3. Nc3 Bb4 4. Qc2 Nc6 5. Nf3 d6 6. Bg5 0-0 7. a3 Bxc3+ 8. Qxc3 a5 9. d5 Nb8 10. Bxf6 Qxf6 11. Qxf6 gxf6 12. 0-0-0 e5 13. e3 f5 14. g3 Kg7 15. Bh3 Na6 16. Nh4 Kf6 17. f4 e4 18. Rhg1 h5 19. Bf1 a4 20. Be2 Rh8 21. h3 Bd7 22. Ng2 Rab8 23. Ne1 b5 24. Nc2 bxc4 25. Bxc4 Bb5 26. Bxb5 Rxb5 27. Rd4 Nc5 28. Rd2 Nb3+ 29. Kd1 Nxd2 30. Kxd2 Rxb2 31. Kc1 Rhb8 32. Nd4 R2b3 33. Nc6 Rb1+ 34. Kc2 R8b2+ 35. Kc3 Rb3+ 36. Kc4 Rxg1 37. Nb4 Rc1+ 38. Kb5 Rxb4+ 39. Kxb4 Re1 40. Kxa4 Rxe3 41. Kb4 Rxa3 42. Kxa3 e3 43. Kb4 e2 44. Kb5 e1Q 45. Kc6 Ke7 46. Kxc7 Qc3+ 47. Kb6 Qc5+ 48. Kb7 Kd7 49. g4 Qc6+ 50. Ka7 Kc8 0-1

[Event "Dundee & Angus op"]
[Site "Dundee"]
[Date "2016.10.07"]
[Round "1"]
[White "Gray, Euan"]
[Black "Orr, Mark JL"]
[Result "0-1"]
[WhiteElo "1826"]
[BlackElo "2110"]
[PlyCount "48"]
[EventDate "2016.10.07"]
[EventType "swiss"]
[EventRounds "5"]
[EventCountry "SCO"]
[SourceTitle "EXT 2023"]
[Source "ChessBase"]
[SourceDate "2022.10.05"]
[SourceVersion "1"]
[SourceVersionDate "2022.10.05"]
[SourceQuality "1"]

1. d4 Nf6 2. c4 e6 3. Nc3 Bb4 4. e3 b6 5. Bd3 Bb7 6. Nf3 Ne4 7. 0-0 Bxc3 8. bxc3 f5 9. Qc2 0-0 10. Ne1 d6 11. f3 Nf6 12. e4 fxe4 13. fxe4 Nbd7 14. Nf3 e5 15. c5 Kh8 16. cxd6 cxd6 17. Ba3 Qe7 18. Rfe1 Rad8 19. Rad1 a6 20. Qd2 Ne8 21. Bf1 Rf6 22. Qg5 Rc8 23. Re3 b5 24. Nh4 Rxf1+ 0-1

[Event "World ol U16"]
[Site "Poprad"]
[Date "2016.07.22"]
[Round "1.2"]
[White "Gray, Euan"]
[Black "Gavrilescu, David"]
[Result "0-1"]
[WhiteElo "1943"]
[BlackElo "2274"]
[PlyCount "60"]
[EventDate "2016.07.22"]
[EventType "team-swiss"]
[EventRounds "9"]
[EventCountry "SVK"]
[SourceTitle "EXT 2017"]
[Source "ChessBase"]
[SourceDate "2016.10.25"]
[SourceVersion "1"]
[SourceVersionDate "2016.10.25"]
[SourceQuality "1"]
[WhiteTeam "Scotland"]
[BlackTeam "Romania"]
[WhiteTeamCountry "SCO"]
[BlackTeamCountry "ROU"]

1. d4 e6 2. c4 c5 3. d5 exd5 4. cxd5 d6 5. Nc3 a6 6. a4 Ne7 7. Nf3 Ng6 8. Nd2 Nd7 9. e4 Nde5 10. Nc4 Nxc4 11. Bxc4 Be7 12. 0-0 0-0 13. f4 Bf6 14. Be3 Re8 15. e5 dxe5 16. f5 Nh4 17. Bxc5 Bxf5 18. Rxf5 Nxf5 19. Ne4 b6 20. Ba3 b5 21. axb5 axb5 22. Bxb5 Qb6+ 23. Kh1 Qxb5 24. Qg4 Be7 25. Qxf5 Bxa3 26. Ng5 Bxb2 27. Qxf7+ Kh8 28. Rg1 Ra1 29. Ne6 Rxg1+ 30. Kxg1 Bd4+ 0-1

[Event "Ayr op"]
[Site "Ayr"]
[Date "2016.05.28"]
[Round "3"]
[White "Dabos Doukas, Ioannis"]
[Black "Gray, Euan"]
[Result "0-1"]
[WhiteElo "1834"]
[BlackElo "1955"]
[PlyCount "120"]
[EventDate "2016.05.27"]
[EventType "swiss"]
[EventRounds "5"]
[EventCountry "SCO"]
[SourceTitle "CBM 172 Extra"]
[Source "ChessBase"]
[SourceDate "2016.06.21"]
[SourceVersion "1"]
[SourceVersionDate "2016.06.21"]
[SourceQuality "1"]

1. d4 e6 2. Nf3 f5 3. g3 Nf6 4. Bg2 Be7 5. 0-0 d6 6. Nc3 0-0 7. Re1 Qe8 8. e4 fxe4 9. Nxe4 Nxe4 10. Rxe4 Qh5 11. Qd3 Nc6 12. Qb3 Kh8 13. Rf4 Bf6 14. Bd2 e5 15. dxe5 dxe5 16. Ra4 Bg4 17. Re1 Rab8 18. Qe3 Rbd8 19. Bc3 Rfe8 20. Rc4 Nd4 21. Bxd4 exd4 22. Qd3 Rxe1+ 23. Nxe1 Be2 24. Rc5 Qxc5 25. Qxe2 c6 26. Nd3 Qd6 27. Qh5 g6 28. Qa5 Ra8 29. Be4 Qd8 30. Qc5 Qe7 31. Qxe7 Bxe7 32. f3 Bd6 33. Kf2 Rc8 34. b3 b6 35. Nb2 b5 36. Nd3 c5 37. Bb7 Rb8 38. Bd5 Kg7 39. h3 Kf6 40. Nb2 Ke7 41. g4 Kd7 42. Be4 Kc7 43. Bd3 Bf4 44. Bf1 Be3+ 45. Kg2 Kd6 46. Bd3 Bc1 47. Nd1 Bf4 48. Nb2 Kc6 49. Nd1 Kb6 50. Nf2 Rc8 51. Ne4 c4 52. bxc4 bxc4 53. Be2 Rc6 54. h4 Ka5 55. Ng5 Bxg5 56. hxg5 Ka4 57. f4 Rc5 58. Kf3 d3 59. cxd3 c3 60. Bd1+ c2 0-1

[Event "Perth op"]
[Site "Perth"]
[Date "2016.02.21"]
[Round "5.3"]
[White "Gray, Euan"]
[Black "Abrahams, Daniel"]
[Result "0-1"]
[WhiteElo "1698"]
[BlackElo "2081"]
[PlyCount "134"]
[EventDate "2016.02.19"]
[EventType "swiss"]
[EventRounds "5"]
[EventCountry "SCO"]
[SourceTitle "EXT 2023"]
[Source "ChessBase"]
[SourceDate "2022.10.05"]
[SourceVersion "1"]
[SourceVersionDate "2022.10.05"]
[SourceQuality "1"]

1. d4 Nf6 2. c4 e6 3. Nc3 Bb4 4. e3 b6 5. Bd3 Bb7 6. Nf3 0-0 7. 0-0 c5 8. a3 Bxc3 9. bxc3 d6 10. Ne1 Nc6 11. d5 Ne5 12. e4 Ba6 13. f4 Nxd3 14. Qxd3 exd5 15. exd5 Qd7 16. a4 Rfe8 17. Nf3 Re4 18. Nd2 Re7 19. a5 b5 20. cxb5 Bxb5 21. c4 Ba6 22. Bb2 Ng4 23. Ne4 f6 24. h3 Rae8 25. Nxd6 Qxd6 26. hxg4 Re3 27. Qf5 Bxc4 28. Rfd1 R3e4 29. g3 Re3 30. g5 Rxg3+ 31. Kh2 Rxg5 32. Be5 Rxf5 33. Bxd6 Re2+ 34. Kg3 Bxd5 35. Kg4 h5+ 36. Kh4 Kh7 37. Rg1 Kh6 38. a6 g5+ 39. Kh3 Be6 40. Kg3 Rd5 41. Rad1 Red2 42. Rxd2 Rxd2 43. Bxc5 h4+ 44. Kf3 g4+ 45. Ke4 Kg6 46. Bxa7 Ra2 47. Rh1 h3 48. f5+ Bxf5+ 49. Kf4 Rxa6 50. Bf2 Ra3 51. Be3 g3 52. Rg1 g2 53. Bf2 Kh5 54. Bg3 Bg4 55. Bh2 Rf3+ 56. Ke4 f5+ 57. Ke5 Rf1 58. Kd4 Kh4 59. Ke5 f4 60. Kf6 f3 61. Kg6 f2 62. Be5 fxg1Q 63. Bf6+ Rxf6+ 64. Kxf6 Qe3 65. Kg6 Qe6+ 66. Kh7 Qf7+ 67. Kh8 Qf8+ 0-1

[Event "Perth op"]
[Site "Perth"]
[Date "2016.02.20"]
[Round "2.5"]
[White "Gray, Euan"]
[Black "Lauridsen, Jesper Morch"]
[Result "0-1"]
[WhiteElo "1698"]
[BlackElo "2323"]
[PlyCount "72"]
[EventDate "2016.02.19"]
[EventType "swiss"]
[EventRounds "5"]
[EventCountry "SCO"]
[SourceTitle "EXT 2023"]
[Source "ChessBase"]
[SourceDate "2022.10.05"]
[SourceVersion "1"]
[SourceVersionDate "2022.10.05"]
[SourceQuality "1"]

1. d4 d5 2. c4 e6 3. Nc3 c5 4. cxd5 exd5 5. Nf3 Nc6 6. g3 Nf6 7. Bg2 Be7 8. 0-0 0-0 9. dxc5 Bxc5 10. b3 Re8 11. Bb2 Bg4 12. Rc1 Bf8 13. e3 Qd7 14. Ne2 Ne4 15. Nf4 Rad8 16. Re1 a6 17. Nd3 Bh3 18. Bh1 Bg4 19. Bg2 Ng5 20. Nf4 Bb4 21. Rf1 Bf8 22. Re1 d4 23. h4 Nxf3+ 24. Bxf3 Bxf3 25. Qxf3 Ne5 26. Qg2 Qg4 27. Bxd4 Nf3+ 28. Kf1 Nxe1 29. Rxe1 Qd7 30. a4 b5 31. Bb6 Rc8 32. Nd5 bxa4 33. bxa4 Qxa4 34. Bd4 Rcd8 35. Kg1 Qa5 36. Nc3 Rxd4 0-1

[Event "Livingston op 1st"]
[Site "Livingston"]
[Date "2016.01.30"]
[Round "3.8"]
[White "Moreby, James"]
[Black "Gray, Euan"]
[Result "0-1"]
[WhiteElo "2030"]
[BlackElo "1698"]
[PlyCount "64"]
[EventDate "2016.01.29"]
[EventType "swiss"]
[EventRounds "5"]
[EventCountry "ENG"]
[SourceTitle "EXT 2023"]
[Source "ChessBase"]
[SourceDate "2022.10.05"]
[SourceVersion "1"]
[SourceVersionDate "2022.10.05"]
[SourceQuality "1"]

1. Nf3 f5 2. d3 Nc6 3. e4 e5 4. d4 exd4 5. Nxd4 Nxd4 6. Qxd4 fxe4 7. Be2 Nf6 8. Bg5 Be7 9. Nc3 c6 10. Nxe4 0-0 11. Ng3 d5 12. 0-0 Be6 13. Rae1 Qd7 14. Bd3 Bd6 15. f4 c5 16. Qe3 Rae8 17. Bxf6 Rxf6 18. Nh5 Rff8 19. f5 Bf7 20. Qg5 Bxh5 21. Qxh5 Rxe1 22. Rxe1 c4 23. Be2 Bc5+ 24. Kh1 Rxf5 25. Qh3 Qe6 26. Rb1 Qe4 27. Bf3 Qxc2 28. Bxd5+ Kh8 29. Ra1 Qxb2 30. Rd1 Qe2 31. Bf3 Qxd1+ 32. Bxd1 Rf1# 0-1

[Event "Dundee & Angus op"]
[Site "Dundee"]
[Date "2015.10.11"]
[Round "4"]
[White "Gray, Euan"]
[Black "Birkett, Richard"]
[Result "0-1"]
[WhiteElo "1656"]
[BlackElo "2056"]
[PlyCount "90"]
[EventDate "2015.10.09"]
[EventType "swiss"]
[EventRounds "5"]
[EventCountry "SCO"]
[SourceTitle "EXT 2023"]
[Source "ChessBase"]
[SourceDate "2022.10.05"]
[SourceVersion "1"]
[SourceVersionDate "2022.10.05"]
[SourceQuality "1"]

1. d4 e6 2. c4 Nf6 3. Nc3 Bb4 4. e3 b6 5. Bd3 Bb7 6. Nf3 0-0 7. 0-0 Re8 8. a3 Bxc3 9. bxc3 d5 10. cxd5 Qxd5 11. c4 Qh5 12. Ne5 Qxd1 13. Rxd1 Nbd7 14. Nxd7 Nxd7 15. Bb2 Rad8 16. c5 bxc5 17. Rac1 Bc6 18. Rd2 Rb8 19. dxc5 Nf6 20. Bxf6 gxf6 21. Bc4 Red8 22. Re2 Kf8 23. f3 Rb7 24. Kf2 Rdb8 25. Rcc2 Rb1 26. Rc3 R8b2 27. Rcc2 Rxc2 28. Rxc2 Ba4 29. Rc3 Rb2+ 30. Kg3 Ke7 31. h4 Kd7 32. Bd3 f5 33. Kh3 Kc6 34. g4 Rb3 35. Rxb3 Bxb3 36. gxf5 exf5 37. Kg3 Be6 38. e4 Kxc5 39. exf5 Bc4 40. Bc2 f6 41. Kg4 Bf7 42. Kf4 Kd4 43. Ba4 c5 44. Bd7 c4 45. Be6 c3 0-1